Представление документа в формате MARC21

Поле Инд. ПП Название Значение
Тип записи a
Библиографический уровень b
001 Контрольный номер f826a4cabcb9481daefb8fe540ec5603
005 Дата корректировки 20210908160145.3
040 a Служба первич. каталог. РИНЦ
041 0_ a Код языка текста rus
097 a Ануфриева Г.Ю.
100 1_ q Полное имя Каляшин Степан Валерьевич
a Автор Каляшин С. В.
u Дополнение Каляшин С. В.
c Титул (звания) кандидат технических наук; доцент (должность)
i 000091198
k Кафедра общей и прикладной геофизики; Факультет естественных и инженерных наук
j Принадлежность неизвестного автора к последователям, ученикам, сторонникам, школе и т. д. государственный университет "Дубна"
100 1_ q Полное имя Карпук Александр Николаевич
a Автор Карпук А. H.
j Принадлежность неизвестного автора к последователям, ученикам, сторонникам, школе и т. д. государственный университет "Дубна"
u Дополнение Карпук А. Н.
k Кафедра общей и прикладной геофизики; Факультет естественных и инженерных наук
245 10 a Заглавие Состояние и перспективы развития антенн для систем «мультикоптер-георадар»
773 18 t Название источника Вестник РАЕН
b Сведения об издании Общероссийская общественная организация Российская академия естественных наук
c Москва
d Место и дата издания 2020
m Специф. данные журнал из перечня ВАК
m Специф. данные ненулевой импакт-фактор
o Прочие индексы РИНЦ 0,222
x ISSN 1682-1696
g Прочая информация Т. 20. - № 2. - С. 12 - 20
q ВАК
w Контрольный № источника 0bed862d53314912b50eea19a11311b9
856 40 u URL https://www.elibrary.ru/item.asp?id=42999808
901 t Тип документа b
952 c Вид литературы статья в журнале